000
00227nam a22000977a 4500
041
_a
eng
080
_a
80
100
_a
Беляева, М. А.
245
_a
Грамматика английского языка.
999
_c
280509
_d
280509
942
_c
BK